| 000 | 00373nam a2200145 a 4500 | ||
|---|---|---|---|
| 001 | 46 | ||
| 003 | CDMR | ||
| 005 | 20130116135149.0 | ||
| 008 | 130130s1969||||||||||||||||||||||||||||d | ||
| 040 |
_aCDMR _bcat _cCDMR |
||
| 100 | 1 |
_aCamps Cardona, María Dolores _951 |
|
| 245 | 1 | 0 |
_a1960, independencia de Africa... _cMª Dolores Camps Cardona |
| 260 |
_aBarcelona _c1969 |
||
| 942 | _cTSN | ||
| 999 |
_c46 _d46 |
||